LEADER 01012nam 2200349 450 001 990001024990203316 035 $a0102499 035 $aUSA010102499 035 $a(ALEPH)000102499USA01 035 $a0102499 100 $a20020311d--------km-y0itay0103----ba 101 $aeng 102 $aGB 110 $aayy-------- 200 1 $aEducational courses in Britain$ethe journal for overseas students intending to study in Britain 210 $aLondon$cDominion press 215 $av$d28 cm 326 $aPeriodicità irregolare 410 $12001 606 0 $aStudenti$xIstruzione$yGran Bretagna$xPeriodici 676 $a371.8 801 0$aIT$bsalbc$gISBD 912 $a990001024990203316 958 $aECO$c2(1982)- 959 $aSE 969 $aECO 979 $aPATTY$b90$c20020311$lUSA01$h1155 979 $aPATTY$b90$c20020321$lUSA01$h1651 979 $c20020403$lUSA01$h1743 979 $aPATRY$b90$c20040406$lUSA01$h1711 996 $aEducational courses in Britain$9977370 997 $aUNISA